LEADER 01201cam a22002774a 4500 001 000000135864 003 CaOOAMICUS 005 20131021141105.0 008 131021s2012 it b 000 0dita r 020 $a978-88-250-2842-3 040 $aPUL$bita 082 04$a323.4 245 00$aCredere č reato? :$bLibertą religiosa nello Stato laico e nella societą aperta /$cLuigi Berzano (a cura) 260 $aPadova :$bMessaggero,$c©2012. 300 $a311 p. ;$c24 cm. 504 $aInclude riferimenti bibliografici p. 289-304. 650 4$aLibertą religiosa$zItalia.$0(OLS)http://pul/subject/20043 700 1 $aBerzano, Luigi.$0(OLS)http://pul/name/35204 850 $aPUL 852 $aPUL$W1$xSL Diritto e Scienze Sociali 3$y79$m323. 4 BERLU 1$j156687$qDDC 21$q $B156028$CPULBib$Z2$F156028 $H123030 $81 941 1 $a9 996 $6020$a978-88-250-2842-3$9(OLS)http://pul/number/153774 996 $6082$a323.4$9(OLS)http://pul/classification/442 996 $6245$aCredere č reato? :$bLibertą religiosa nello Stato laico e nella societą aperta$9(OLS)http://pul/title/171767 996 $6260$aPadova :$bMessaggero$9(OLS)http://pul/publisher/47870 LEADER 01144nam a2200277 u 4500 001 000000081521 003 CaOOAMICUS 005 20070226123750.0 008 050323s2005 enk u000 u eng u 020 $a1405110929 035 $a11035808 040 $aPUL$bita 245 02$aA companion to Heidegger /$cedited by Hubert L. Dreyfus and Mark A. Wrathall. 260 $aOxford :$bBlackwell,$c2005. 300 $axvii, 540 p. ;$c25 cm 490 1 $aBlackwell Companions to philosophy 600 14$aHeidegger, Martin,$d1889-1976.$0(OLS)http://pul/subject/4860 700 1 $aWrathall, Mark A.$0(OLS)http://pul/name/54333 700 1 $aDreyfus, Hubert L.$0(OLS)http://pul/name/54332 830 0$aBlackwell Companions to philosophy.$0(OLS)http://pul/title/80284 850 $aPUL 852 $aPUL$W1$xSL Filosofia 3$y81$m193 DREHE 1$j103968$nBK-PRI$qDDC 21$B103968$CPULBib$Z2$F103968 $HPUL97483 $82 941 1 $a9 996 $6020$a1405110929$9(OLS)http://pul/number/108011 996 $6245$aA companion to Heidegger$9(OLS)http://pul/title/106610 996 $6260$aOxford :$bBlackwell$9(OLS)http://pul/publisher/48259